LEADER 01023nam a2200253 u 4500 001 000000043559 003 CaOOAMICUS 005 20070226114442.0 008 990407s1957 it u000 u ita u 035 $a10819220 040 $aPUL(R)$bita 100 1 $aVillani, Antonio.$0(OLS)http://pul/name/31866 245 13$aL'"oggettività" delle scienze sociali nella problematica di M. Weber /$cAntonio Villani. 260 $aMilano :$bA. Giuffrè,$c1957. 300 $a119 p. ;$c25 cm 500 $aContiene indici. 504 $aBibliografia in nota. 600 14$aWeber, Max,$d1864-1920.$0(OLS)http://pul/subject/18992 850 $aPUL 852 $aPUL$W1$xDP1 Cons. Gen., Altre Classi 1$y22$m43 A 39$j58698$nBK-PRI$b $qStampati$B58698$CPULBib$Z2$F58698 $H $81 941 1 $a8 961 $aINV: 50986 996 $6245$aL'"oggettività" delle scienze sociali nella problematica di M. Weber$9(OLS)http://pul/title/58743 996 $6260$aMilano :$bA. Giuffrè$9(OLS)http://pul/publisher/48096 LEADER 01014nam a2200253 u 4500 001 000000065809 003 CaOOAMICUS 005 20070226121515.0 008 011214s1901 it u000 u ita u 035 $a10914235 040 $aPUL(R)$bita 100 1 $aRignano, Eugenio,$b1870-1930.$0(OLS)http://pul/name/19153 245 10$aDi un socialismo in accordo colla dottrina economica liberale /$cEugenio Rignano. 260 $aTorino :$bFratelli Bocca,$c1901. 300 $aiv, 523 p. ;$c24 cm 500 $aComprende indici. 504 $aBibliografia in nota. 650 4$aSocialismo.$0(OLS)http://pul/subject/3492 650 4$aLiberalismo (Economia).$0(OLS)http://pul/subject/22776 850 $aPUL 852 $aPUL$W1$xDP2 Filosofia 1$y62$m92 D 41$j85138$nBK-PRI$b $qStampati$B85138$CPULBib$Z2$F85138 $81 941 1 $a8 996 $6245$aDi un socialismo in accordo colla dottrina economica liberale$9(OLS)http://pul/title/87478 996 $6260$aTorino :$bFratelli Bocca$9(OLS)http://pul/publisher/47945